000 00473nam a2200157 4500
999 _c5850
_d5850
008 161122b xxu||||| |||| 00| 0 eng d
022 _a9770118389007
082 _aDPer 641.05 F73 Mar-Jul 2013
100 _917774
_aOzaeta, Anne Marie
245 _aComfort food, French style/
_cAnne Marie Ozaeta.
260 _aQuezon City:
_bABS CBN Publishing, Inc.,
_c©2013.
300 _apages 62-66;
_c30 cm.
500 _aFood.
650 0 _917775
_aFood
942 _2ddc
_cPER